000 00959cab a2200277 4500
001 ABS59591
008 090401t1998 xxu||||| |||| 00| 0 eng d
035 _a(Sirsi) u89851
041 _aeng
100 _aMinogue, A.
245 _aAll contracted out
260 _c1998
350 _a0
490 _aBuilding
_v263(8065) 20 November 1998, 60-61(2)
520 _aDiscusses the need to document contractual relationships on the right terms and looks at the use of inappropriate contracts in the construction industry. Considers demolition contracts, supply-only contracts, supply of goods and services, and hire contracts.
650 _aCONSTRUCTION INDUSTRY
650 _aDEMOLITION
650 _aFORMS OF CONTRACT
650 _aHIRE CONTRACTS
650 _aSCAFFOLDING
650 _aSUPPLY CONTRACTS
650 _aSUPPLY OF GOODS AND SERVICES
690 _aBUILT ENVIRONMENT-BUILDING CONTRACT FORMS
942 _n0
948 _c20/11/1998
999 _c56880
_d56880